| 000 | 02543cam a22004217a 4500 | ||
|---|---|---|---|
| 001 | 8130 | ||
| 003 | FISKH | ||
| 005 | 20250827140838.0 | ||
| 008 | 071204s2008 nyua j 000 0 eng d | ||
| 010 | _a 2007942678 | ||
| 020 | _a9780810970199 | ||
| 020 | _a9780810970199 | ||
| 020 | _a0810970198 | ||
| 040 |
_aBTCTA _cBTCTA _dBAKER _dOCO _dDLC _beng |
||
| 050 | _aUG428 .C76 | ||
| 082 | _a728.81 | ||
| 100 | 1 | _aCrosbie, Duncan. | |
| 245 | 1 | 0 |
_aCastle : _ba three-dimensional interactive adventure / _c[written by Duncan Crosbie ; edited by Sheila Mortimer ; illustrations by Kay Dixey ; paper engineering by Keith Finch ; designs by Kevin Knight and Clare Barber]. |
| 260 |
_aNew York : _bAbrams Books for Young Readers, _c2008. |
||
| 300 |
_a22 unnumbered pages ; _bcolor illustrations ; _c31 cm. |
||
| 336 |
_atext _btxt _2rdacontent |
||
| 337 |
_aunmediated _bn _2rdamedia |
||
| 338 |
_avolume _bnc _2rdacarrier |
||
| 500 | _aCover title. | ||
| 520 | _aWhat was it like to live in a medieval castle? This unique book, perfect for reluctant readers and aspiring architects, shows you. For any child who has wondered what life was like in a real medieval castle, this book introduces an architectural marvel through pop-ups, hidden panels, and the helpful commentary of a castle ghost. Every aspect of existence in a castle--from how it was built, to how it was defended from attackers, to what people ate and how they lived--is illustrated and explained in this uniquely designed story. Oversize and chock full of facts, this book makes an excellent addition to a pop-up book collection and is ideal for gift giving and as a starting point for future research. Praise for The Castle: "Too many graphic novel adaptations of classic literature just break down the stories into digestible panels; this is a powerful interpretation of Kafka’s timeless themes.” | ||
| 650 | 0 |
_aCastles _vJuvenile literature. |
|
| 650 | 0 |
_aFortification _vJuvenile literature. |
|
| 650 | 0 |
_aSiege warfare _vJuvenile literature. |
|
| 650 | 0 |
_aPop-up books _vJuvenile literature. |
|
| 655 | 7 |
_aLiterature. _2lcgft _0https://id.loc.gov/authorities/genreForms/gf2014026415 |
|
| 700 | 1 | _aMortimer, Sheila. | |
| 700 | 1 | _aDixey, Kay. | |
| 856 | 4 | 2 |
_3Contributor biographical information _uhttp://www.loc.gov/catdir/enhancements/fy0916/2007942678-b.html |
| 856 | 4 | 2 |
_3Publisher description _uhttp://www.loc.gov/catdir/enhancements/fy0916/2007942678-d.html |
| 906 |
_a7 _bcbc _ccopycat _d2 _encip _f20 _gy-gencatlg |
||
| 942 |
_2ddc _cBK _n0 |
||
| 999 |
_c8130 _d8130 |
||